000 00558nam a2200193 a 4500
001 1770805515365
003 YourLibrary
005 20260211155850.0
008 260211s2005##################000#0#eng##
020 _a9788173715402
082 0 4 _a333.707
_bBHA
100 1 _aBharucha, Erach,
_eauthor.
245 1 0 _aTextbook of Environmental Studies for Undergraduate Courses :
260 _bUniversities Press,
_c2005.
300 _a298 pages
650 0 _aConservation of natural resources.
942 _cENGLISH
040 _aYourLibrary
_beng
_cYourLibrary
999 _c611791
_d611791